How to design programs : (Record no. 787)
[ view plain ]
| 000 -LEADER | |
|---|---|
| fixed length control field | 02898cam a22003014a 4500 |
| 001 - CONTROL NUMBER | |
| control field | 12172918 |
| 005 - DATE AND TIME OF LATEST TRANSACTION | |
| control field | 20210414113931.0 |
| 008 - FIXED-LENGTH DATA ELEMENTS--GENERAL INFORMATION | |
| fixed length control field | 000914s2001 maua b 001 0 eng |
| 010 ## - LIBRARY OF CONGRESS CONTROL NUMBER | |
| LC control number | 00048169 |
| 020 ## - INTERNATIONAL STANDARD BOOK NUMBER | |
| International Standard Book Number | 9780262062183 |
| 020 ## - INTERNATIONAL STANDARD BOOK NUMBER | |
| International Standard Book Number | 0262062186 |
| 040 ## - CATALOGING SOURCE | |
| Original cataloging agency | DLC |
| Transcribing agency | DLC |
| Modifying agency | DLC |
| 042 ## - AUTHENTICATION CODE | |
| Authentication code | pcc |
| 050 00 - LIBRARY OF CONGRESS CALL NUMBER | |
| Classification number | QA76.6.H697 |
| 082 00 - DEWEY DECIMAL CLASSIFICATION NUMBER | |
| Classification number | 005.1/2 |
| Edition number | 21 |
| 245 00 - TITLE STATEMENT | |
| Title | How to design programs : |
| Remainder of title | an introduction to programming and computing. / |
| Statement of responsibility, etc. | Matthias Felleisen ... [et al.] |
| 260 ## - PUBLICATION, DISTRIBUTION, ETC. | |
| Place of publication, distribution, etc. | Cambridge, Mass. : |
| Name of publisher, distributor, etc. | MIT Press, |
| Date of publication, distribution, etc. | c2001. |
| 300 ## - PHYSICAL DESCRIPTION | |
| Extent | xxx, 693 p. : |
| Other physical details | ill. : |
| Dimensions | 24cm. |
| 504 ## - BIBLIOGRAPHY, ETC. NOTE | |
| Bibliography, etc. note | Includes bibliographical references and index. |
| 505 ## - FORMATTED CONTENTS NOTE | |
| Formatted contents note | Contents: Processing simple forms of data: Students, teachers and computers -- Numbers of expressions, simple programs -- Programs are function plus variable definintions -- Conditional expressions and functions -- Symbolic information -- Compound data, part 1: structures -- The varieties of data: I: Intermezzo 1: syntax and semantics -- II: Processing arbitrarily large data -- Compound data, part 2: Lists -- More on processing list -- Natuaral numbers -- Composing functions, revisited again -- Intermezzo 2: List abbreviations: III: More on processing arbitrarily large data: More self-referential data definitions -- Mutually referential data definitions -- Development through iterative refinement -- Processing two complex pieces of data -- Intermezzo 3: Local definitions and lexical scope: IV: Abstracting designs -- Similarities in definintions -- Functions are values -- Designing abstractions from examples -- Designinig abstractions with first-class functions -- Mathematical examples -- Intermezzo 4: Defining functions on the fly -- V: Generative recursion: A new form of recursion -- Designing algorithms -- Variations on a theme -- Algorithms that backtrack -- Intermezzo 5: The cost of computing and vectors -- VI: Accumulating knowledge: The loss of knowledge -- Designing accumulator-style functions -- More uses of accumulation -- Intermezzo 6: The nature of inexact numbers -- VII: Changing the state of variables: Memory for functions -- Assignment to variables -- Designing funtions with memory -- Examples of memory usage -- Intermezzo 7: The final syntax and semantics: VIII: Changing compound values -- Encapsulation -- Mutable structures -- Designing functions that change structures -- Equality -- Changing structures, vectors and objects -- Epilogue. |
| 650 #0 - SUBJECT ADDED ENTRY--TOPICAL TERM | |
| Topical term or geographic name entry element | Computer programming. |
| 650 #0 - SUBJECT ADDED ENTRY--TOPICAL TERM | |
| Topical term or geographic name entry element | Electronic data processing. |
| 700 1# - ADDED ENTRY--PERSONAL NAME | |
| Personal name | Felleisen, Matthias. |
| 856 41 - ELECTRONIC LOCATION AND ACCESS | |
| Materials specified | Table of contents |
| Uniform Resource Identifier | <a href="http://www.loc.gov/catdir/toc/fy032/00048169.html">http://www.loc.gov/catdir/toc/fy032/00048169.html</a> |
| 906 ## - LOCAL DATA ELEMENT F, LDF (RLIN) | |
| a | 7 |
| b | cbc |
| c | orignew |
| d | 1 |
| e | ocip |
| f | 20 |
| g | y-gencatlg |
| 942 ## - ADDED ENTRY ELEMENTS (KOHA) | |
| Source of classification or shelving scheme | Library of Congress Classification |
| Koha item type | Books |
| Withdrawn status | Lost status | Source of classification or shelving scheme | Damaged status | Not for loan | Home library | Current library | Shelving location | Date acquired | Total Checkouts | Full call number | Barcode | Date last seen | Copy number | Price effective from | Koha item type | Source of acquisition |
|---|---|---|---|---|---|---|---|---|---|---|---|---|---|---|---|---|
| Library of Congress Classification | WISCONSIN INTERNATIONAL UNIVERSITY COLLEGE, GHANA - MAIN LIBRARY | WISCONSIN INTERNATIONAL UNIVERSITY COLLEGE, GHANA - MAIN LIBRARY | Reference | 27/04/2012 | QA76.6.H697 | 1938/12 | 27/04/2012 | 1 | 27/04/2012 | Books | ||||||
| Library of Congress Classification | WISCONSIN INTERNATIONAL UNIVERSITY COLLEGE, GHANA KUMASI LIBRARY | WISCONSIN INTERNATIONAL UNIVERSITY COLLEGE, GHANA KUMASI LIBRARY | General Stacks | 15/11/2019 | QA76.6.H69 | K/2417/2417/19 | 03/07/2020 | 03/07/2020 | Books | STM |
